Runescape: All Trees - Statistics

General Stats
  • This quiz has been taken 125 times
  • The average score is 15 of 43
Answer Stats
Category Name % Correct
Woodcutting/Farming/Construction Oak Tree
98%
Woodcutting/Farming Magic Tree
95%
Woodcutting/Farming Yew Tree
93%
Woodcutting/Construction Tree
92%
Woodcutting/Farming/Quest Willow Tree
90%
Woodcutting/Farming Maple Tree
88%
Woodcutting/Construction Mahogany Tree
78%
Woodcutting/Construction Teak Tree
78%
Farming/Transportation Spirit Tree
71%
Farming Apple Tree
64%
Woodcutting/Construction Dead Tree
60%
Farming Orange Tree
52%
Farming Banana Tree
49%
Farming Palm Tree
49%
Farming Papaya Tree
42%
Farming Pineapple Tree
38%
Woodcutting Elder Tree
31%
Farming Curry Tree
30%
Woodcutting/Construction Achey Tree
26%
Woodcutting Evergreen
26%
Quest The Grand Tree
25%
Woodcutting Arctic Pine
22%
Woodcutting Crystal Tree
21%
Farming Calquat Tree
20%
Quest Dramen Tree
19%
Woodcutting Hollow Tree
15%
Woodcutting Bloodwood Tree
13%
Woodcutting Dying Tree
13%
Woodcutting Eucalyptus Tree
13%
Woodcutting Cursed Magic Tree
10%
Woodcutting Acadia Tree
9%
Woodcutting Burnt Tree
9%
Quest Mango Tree
9%
Transportation Canoe Tree
8%
Woodcutting Jungle Tree
7%
Woodcutting Swamp Tree
5%
Quest Golden Apple Tree
4%
Woodcutting Bamboo
3%
Woodcutting Golden Bamboo
3%
Quest Swaying Tree
2%
Woodcutting Dead Tree Covered in Snow
1%
Woodcutting Glowing Tree
0%
Quest Odd Tree
0%
No matching quizzes found
Score Distribution
Percent of People with Each Score
Percentile by Number Answered
Your Score History
You have not taken this quiz